01054nam a2200193 i 4500001000700000003000900007005001700016008004100033080002100074100006000095245018900155260008100344300002800425650003500453650003900488710004600527852018600573852010100759161070ES-MaACL20250716063319.0981207s1873 sp |||| | spa d a355.351(460)"18"1 aOrozco y Zúñiga, José Antonio de,d1810-1881eaut10aMemoria acerca de los trabajos llevados a cabo por la Comisión de Reorganización del Ejército, dirigida al Excmo. Sr. Ministro de la Guerra / cpor José de Orozco y Zúñiga. aMadrid : b[s.n.], c1873f(Imp. y Litografía del Depósito de la Guerra) a19 páginas ; c26 cm. 4aEjército-zEspaña-yS.XIX. 4aFuerzas armadas-zEspaña-yS.XIX1 aEspaña. bDepósito de la Guerra.eprm4 aES-MaACLcDEPOFgDedicatoria autógrafa de Luis Vidart al Ateneo de MadridhDonativo de Luis Vidart jT-151-F-7 xEnc. en un vol. facticio xHolandesa, falto de cub. original 4 aES-MaACLcDEPOFjT-151-F-8 xEnc. en un vol. facticioxHolandesa, falto de cub. original